Methods of determining the content of pollutants in the combustion products of plasma water and organic compositions of the reactor portable gas analyzer "Quintox" KM9106; Методология проектирования молодежного научно-инновационного пространства как основа подготовки современного инженера

Podrobná bibliografie
Parent link:Методология проектирования молодежного научно-инновационного пространства как основа подготовки современного инженера.— 2014.— [С. 118-120]
Hlavní autor: Tyudelekov E. A.
Korporativní autor: Национальный исследовательский Томский политехнический университет
Další autoři: Karengin A. G. Aleksander Grigorievich (научный руководитель), Tsepilova A. V. Anna Vladimirovna
Shrnutí:Заглавие с экрана
In this work a scheme of plasma stand "Plasma module based on high-frequency generator VCHG8-60/13-01" with a gas analyzer "Quintox" KM9106 is considered. The measurements of harmful substances (CO, NO, NO[2]) in the exhaust gases of the plasma operating module are made.
Jazyk:angličtina
Vydáno: 2014
Edice:Nuclear technologies as integral part of engineering science in the modern world
Témata:
On-line přístup:http://earchive.tpu.ru/handle/11683/64989
http://www.lib.tpu.ru/fulltext/c/2014/C07/024.pdf
Médium: MixedMaterials Elektronický zdroj Kapitola
KOHA link:https://koha.lib.tpu.ru/cgi-bin/koha/opac-detail.pl?biblionumber=607924

MARC

LEADER 00000naa2a2200000 4500
001 607924
005 20260316135104.0
035 |a (RuTPU)RU\TPU\conf\5330 
035 |a RU\TPU\conf\5329 
090 |a 607924 
100 |a 20140905d2014 k y0rusy50 ba 
101 0 |a eng 
102 |a RU 
135 |a drcn ---uucaa 
181 0 |a i  
182 0 |a b 
200 1 |a Methods of determining the content of pollutants in the combustion products of plasma water and organic compositions of the reactor portable gas analyzer "Quintox" KM9106  |f E. A. Tyudelekov  |g Sci. adv. A. G. Karengin, A. V. Tsepilova 
203 |a Текст  |c электронный 
215 |a 1 файл (595 Кб) 
225 1 |a Nuclear technologies as integral part of engineering science in the modern world 
300 |a Заглавие с экрана 
320 |a [Библиогр.: с. 120 (2 назв.)] 
330 |a In this work a scheme of plasma stand "Plasma module based on high-frequency generator VCHG8-60/13-01" with a gas analyzer "Quintox" KM9106 is considered. The measurements of harmful substances (CO, NO, NO[2]) in the exhaust gases of the plasma operating module are made. 
337 |a Adobe Reader 
463 1 |0 (RuTPU)RU\TPU\conf\3581  |t Методология проектирования молодежного научно-инновационного пространства как основа подготовки современного инженера  |l Strategy design of youth science and innovation environment for modern engineer training  |o сборник научных трудов Международной молодежной научной школы, г. Томск, 2 - 4 апреля 2014 г.  |f Национальный исследовательский Томский политехнический университет (ТПУ) ; под ред. В. В. Верхотуровой и др.  |v [С. 118-120]  |d 2014 
610 1 |a электронный ресурс 
610 1 |a труды учёных ТПУ 
610 1 |a загрязняющие вещества 
610 1 |a продукты сгорания 
610 1 |a плазма 
610 1 |a органические соединения 
610 1 |a анализаторы 
610 1 |a газы 
610 1 |a реакторы 
610 1 |a плазменные модули 
610 1 |a высокочастотные генераторы 
610 1 |a выхлопные газы 
700 1 |a Tyudelekov  |b E. A. 
702 1 |a Karengin  |b A. G.  |c physicist  |c Associate Professor of Tomsk Polytechnic University, Candidate of physical and mathematical sciences  |f 1950-  |g Aleksander Grigorievich  |4 727 
702 1 |a Tsepilova  |b A. V.  |c linguist  |c Lecturer of Tomsk Polytechnic University  |f 1985-  |g Anna Vladimirovna  |4 727 
712 0 2 |a Национальный исследовательский Томский политехнический университет  |c (2009- )  |9 26305 
801 1 |a RU  |b 63413507  |c 20101016 
801 2 |a RU  |b 63413507  |c 20210401  |g RCR 
850 |a 63413507 
856 4 |u http://earchive.tpu.ru/handle/11683/64989 
856 4 |u http://www.lib.tpu.ru/fulltext/c/2014/C07/024.pdf 
942 |c BK